Ensayos de crítica cultural : una mirada fenomenológica a la contemporaneidad /

Guardado en:
Bibliografiske detaljer
Hovedforfatter: Barrios, José Luis (autor)
Format: Bog
Sprog:spansk
Udgivet: México : Universidad Iberoamericana, Departamento de Letras, 2004, c2004
Serier:(AlterTexto, Teoría y Crítica ; 6)
Fag:
Tags: Tilføj Tag
Ingen Tags, Vær først til at tagge denne postø!

MARC

LEADER 00000nam^a2200000^a^4500
001 000165394
005 20250521000000.0
009 20260310101015.177
020 |a 968-859-521-7 
037 |a Acervo ITESO - Biblioteca 
041 |a ESP 
082 |a 142. 7  |b BAR 
100 |a Barrios, José Luis  |e (autor) 
245 1 0 |a Ensayos de crítica cultural :  |b una mirada fenomenológica a la contemporaneidad /  |c J.L. Barrios. 
264 4 |a México :  |b Universidad Iberoamericana, Departamento de Letras,  |c 2004, c2004 
300 |a 211 p. 
336 |a texto  |b txt  |2 rdacontenido 
337 |a sin mediación  |b n  |2 rdamedio 
338 |a volumen  |b nc  |2 rdasoporte 
440 1 |a (AlterTexto, Teoría y Crítica ;  |v 6) 
649 |a XX 
650 |a Cuerpo Humano 
650 |a Literatura -  |x Historia y Crítica 
650 |a Arte -  |x Historia y Crítica 
650 |a Cine -  |x Historia y Crítica 
650 |a Medios de Comunicación -  |x Aspectos Sociales y Culturales 
650 |a Interacción Social 
650 |a Redes Sociales 
650 |a Control Social 
650 |a Cambios Sociales y Culturales 
650 |a Poder (Ciencias Sociales) 
650 |a Vida Pública 
650 |a Percepción Social 
650 |a Ideología 
650 |a Automatización 
650 |a Tecnología y Sociedad 
650 |a Cultura Urbana 
650 |a Sociedad Postindustrial 
650 |a Estética 
650 |a Modernidad y Posmodernidad 
650 |a Fenomenología 
650 |a Filosofía Moderna 
650 |a Filosofía 
910 |a Fondo General 
920 |a Impresos - Libros 
930 |a Colección General 
905 |a 101 
901 |a 0500100154  |b IT1  |c ACC  |u 20250521 
902 |a https://opac.biblio.iteso.mx/vufind/Record/000165394